[Event "GRE-chT 49th"]
[Site "Thessaloniki"]
[Date "2022.08.14"]
[Round "4.4"]
[White "Kalesis, Nikolaos"]
[Black "Hristodoulou, Panagiotis"]
[Result "1/2-1/2"]
[WhiteElo "2435"]
[BlackElo "2329"]
[PlyCount "128"]
[EventDate "2022.08.12"]
[EventType "team-swiss"]
[EventRounds "7"]
[EventCountry "GRE"]
[SourceTitle "CBM 209 Extra"]
[Source "ChessBase"]
[SourceDate "2022.09.30"]
[SourceVersion "1"]
[SourceVersionDate "2022.09.30"]
[SourceQuality "1"]
[WhiteTeam "Ames Neas Erythreas"]
[BlackTeam "OFI"]
[WhiteTeamCountry "GRE"]
[BlackTeamCountry "GRE"]

1. d4 d5 2. c4 e6 3. Nc3 Be7 4. Nf3 Nf6 5. Bg5 h6 6. Bh4 dxc4 7. e3 c5 8. dxc5 Qxd1+ 9. Rxd1 Nbd7 10. Bxc4 Nxc5 11. Ne5 Nfd7 12. Bg3 Bf6 13. Bb5 a6 14. Bxd7+ Nxd7 15. Nc4 b5 16. Nd6+ Ke7 17. 0-0 Bxc3 18. bxc3 f6 19. c4 b4 20. c5 Nxc5 21. Rc1 e5 22. Rxc5 Kxd6 23. Rc4 Bd7 24. f4 Bb5 25. Rd1+ Ke6 26. Rxb4 Rhd8 27. Rbb1 Rxd1+ 28. Rxd1 Rc8 29. fxe5 fxe5 30. Be1 Rc2 31. Rd2 Rc1 32. Kf2 Kf5 33. Rb2 Ke4 34. a4 Bc4 35. a5 h5 36. h4 Bb5 37. Rb4+ Kf5 38. e4+ Kg4 39. Rb3 Rc2+ 40. Kg1 Kf4 41. Rg3 Rc1 42. Kf2 Rc2+ 43. Kg1 Rc1 44. Kf2 Rc7 45. Bc3 Rc5 46. Bd2+ Kxe4 47. Rxg7 Rc2 48. Ke1 Kd3 49. Rg3+ Kd4 50. Be3+ Ke4 51. Bb6 Kf4 52. Rf3+ Kg4 53. Re3 Kf5 54. Rf3+ Ke6 55. Rg3 e4 56. Kd1 Ba4 57. Ke1 Kf5 58. Be3 Bb5 59. Rg5+ Ke6 60. Bf4 Kf6 61. Re5 Rxg2 62. Rxe4 Kf5 63. Rb4 Re2+ 64. Kd1 Re4 1/2-1/2

[Event "GRE-chT 49th"]
[Site "Thessaloniki"]
[Date "2022.08.13"]
[Round "3.2"]
[White "Heimann, Andreas"]
[Black "Kalesis, Nikolaos"]
[Result "1-0"]
[WhiteElo "2567"]
[BlackElo "2435"]
[PlyCount "153"]
[EventDate "2022.08.12"]
[EventType "team-swiss"]
[EventRounds "7"]
[EventCountry "GRE"]
[SourceTitle "CBM 209 Extra"]
[Source "ChessBase"]
[SourceDate "2022.09.30"]
[SourceVersion "1"]
[SourceVersionDate "2022.09.30"]
[SourceQuality "1"]
[WhiteTeam "Eaao Fysiolatris Nikias"]
[BlackTeam "Ames Neas Erythreas"]
[WhiteTeamCountry "GRE"]
[BlackTeamCountry "GRE"]

1. e4 e5 2. Nf3 Nf6 3. Nxe5 d6 4. Nf3 Nxe4 5. d4 Nf6 6. Bd3 Bg4 7. 0-0 Be7 8. Re1 0-0 9. Nbd2 Nbd7 10. Nf1 Re8 11. h3 Bh5 12. Ng3 Bg6 13. Bxg6 hxg6 14. Qd3 c6 15. Bf4 Nf8 16. c4 Qd7 17. Re2 Ne6 18. Bd2 Bf8 19. Rae1 Nc7 20. Bg5 Rxe2 21. Rxe2 Re8 22. b3 Rxe2 23. Qxe2 Qe6 24. Kf1 Qxe2+ 25. Kxe2 Be7 26. Kd3 Kf8 27. Be3 a6 28. Ne2 Ke8 29. Nc3 d5 30. c5 Nd7 31. b4 Ne6 32. a4 Bd8 33. b5 axb5 34. axb5 Ba5 35. b6 Bxc3 36. Kxc3 f6 37. h4 Ndf8 38. Kd3 Nh7 39. g3 g5 40. hxg5 Nhxg5 41. Bxg5 Nxg5 42. Nh4 Nf7 43. f4 Nh6 44. f5 Nf7 45. Ke3 Ng5 46. Ng6 Kd7 47. Nf4 Ne4 48. g4 Ke7 49. Ke2 Nc3+ 50. Kd3 Ne4 51. Ke3 Nc3 52. Nh5 Kf7 53. Ng3 Nd1+ 54. Ke2 Nc3+ 55. Kd3 Nd1 56. Ke2 Nc3+ 57. Kd2 Nb1+ 58. Kd3 Na3 59. Ne2 Nc4 60. Nf4 Ke7 61. Ke2 Na5 62. Kf3 Nb3 63. Ke3 Na5 64. Ne2 Nc4+ 65. Kf4 Nd2 66. Ng1 Ne4 67. Nf3 Nf2 68. Nd2 Nh3+ 69. Kg3 Ng5 70. Kh4 Nf7 71. Kh5 Kf8 72. Nf3 Kg8 73. Nd2 Kf8 74. Nb3 Nd8 75. Nc1 Nf7 76. Nd3 Ng5 77. Nb4 1-0

[Event "GRE-chT 49th"]
[Site "Thessaloniki"]
[Date "2022.08.13"]
[Round "2.5"]
[White "Kalesis, Nikolaos"]
[Black "Nagy, Gabor"]
[Result "1/2-1/2"]
[WhiteElo "2435"]
[BlackElo "2504"]
[PlyCount "114"]
[EventDate "2022.08.12"]
[EventType "team-swiss"]
[EventRounds "7"]
[EventCountry "GRE"]
[SourceTitle "CBM 209 Extra"]
[Source "ChessBase"]
[SourceDate "2022.09.30"]
[SourceVersion "1"]
[SourceVersionDate "2022.09.30"]
[SourceQuality "1"]
[WhiteTeam "Ames Neas Erythreas"]
[BlackTeam "Asos Rodou Hippotis"]
[WhiteTeamCountry "GRE"]
[BlackTeamCountry "GRE"]

1. d4 d5 2. c4 e6 3. Nc3 c6 4. cxd5 exd5 5. Bf4 Bd6 6. Bxd6 Qxd6 7. e3 Ne7 8. Nge2 Bf5 9. Ng3 Bg6 10. h4 h6 11. h5 Bh7 12. Bd3 Bxd3 13. Qxd3 Nd7 14. 0-0-0 0-0-0 15. Kb1 Nb6 16. Rc1 Kb8 17. Nce2 Rdf8 18. Ng1 g5 19. Nf5 Nxf5 20. Qxf5 Qe6 21. Qxe6 fxe6 22. f3 Re8 23. Nh3 e5 24. Nf2 Nc4 25. Rce1 exd4 26. exd4 Ne3 27. Ng4 Nxg4 28. fxg4 Kc7 29. Kc2 Rhf8 30. Rxe8 Rxe8 31. Rf1 Re2+ 32. Kc3 Rxg2 33. Rf6 Rg3+ 34. Kc2 Rxg4 35. Kc3 Rg3+ 36. Kc2 Rg2+ 37. Kc3 Kb6 38. Rxh6 Rh2 39. Rh7 a5 40. a4 Rh1 41. b3 Rh3+ 42. Kc2 Ka6 43. Rh6 g4 44. Rg6 Rxh5 45. Rxg4 b5 46. axb5+ Kxb5 47. Rg8 Rh2+ 48. Kc3 Rh3+ 49. Kc2 Rh7 50. Rb8+ Ka6 51. Kc3 Rb7 52. Rc8 Kb5 53. Rd8 Rb6 54. Ra8 Ra6 55. Rb8+ Rb6 56. Ra8 Ra6 57. Rb8+ Rb6 1/2-1/2

[Event "GRE-chT 48th"]
[Site "Athens"]
[Date "2021.09.08"]
[Round "2.5"]
[White "Kalesis, Nikolaos"]
[Black "Nevednichy, Vladislav"]
[Result "1/2-1/2"]
[WhiteElo "2453"]
[BlackElo "2498"]
[PlyCount "34"]
[EventDate "2021.09.07"]
[EventType "team-swiss"]
[EventRounds "7"]
[EventCountry "GRE"]
[SourceTitle "CBM 204 Extra"]
[Source "ChessBase"]
[SourceDate "2021.11.30"]
[SourceVersion "1"]
[SourceVersionDate "2021.11.30"]
[SourceQuality "1"]
[WhiteTeam "Ames Neas Erythreas"]
[BlackTeam "Peukees"]
[WhiteTeamCountry "GRE"]
[BlackTeamCountry "GRE"]

1. d4 d5 2. c4 e6 3. Nc3 Nf6 4. cxd5 exd5 5. Bg5 c6 6. e3 Bd6 7. Bd3 0-0 8. Qc2 h6 9. Bh4 Re8 10. Nf3 a5 11. 0-0 Na6 12. a3 Bg4 13. Nd2 Bd7 14. Nf3 Bg4 15. Nd2 Bd7 16. Nf3 Bg4 17. Nd2 Bd7 1/2-1/2

[Event "GRE CupT final 35th"]
[Site "Rio Achaia"]
[Date "2017.07.02"]
[Round "5"]
[White "Kesidis, Odyseas"]
[Black "Kalesis, Nikolaos"]
[Result "0-1"]
[WhiteElo "2202"]
[BlackElo "2464"]
[PlyCount "82"]
[EventDate "2017.07.01"]
[EventType "team-k.o."]
[EventRounds "5"]
[EventCountry "GRE"]
[SourceTitle "CBM 179 Extra"]
[Source "ChessBase"]
[SourceDate "2017.08.23"]
[SourceVersion "1"]
[SourceVersionDate "2017.08.23"]
[SourceQuality "1"]
[WhiteTeam "Florinas LP"]
[BlackTeam "Thomas Georgiou"]
[WhiteTeamCountry "GRE"]
[BlackTeamCountry "GRE"]

1. e4 c5 2. c3 d5 3. exd5 Qxd5 4. d4 Nf6 5. Nf3 cxd4 6. cxd4 e6 7. Nc3 Qd6 8. Bd3 Be7 9. 0-0 Nc6 10. a3 0-0 11. Be3 b6 12. Qe2 Bb7 13. Rad1 Rad8 14. Bb1 Qb8 15. Rfe1 Rfe8 16. Bg5 g6 17. Ba2 Nd5 18. Nxd5 exd5 19. Qd2 Bxg5 20. Qxg5 Rxe1+ 21. Rxe1 Qd6 22. h4 f6 23. Qg4 Bc8 24. Qg3 Qxg3 25. fxg3 Kf7 26. Kf2 Bf5 27. Rc1 Ne7 28. Rc7 Rd7 29. Rxd7 Bxd7 30. Ke3 h6 31. Kd3 Ke6 32. Ng1 Kd6 33. Kc3 g5 34. hxg5 hxg5 35. Nf3 Nf5 36. g4 Ne3 37. Nd2 Nxg2 38. Bb1 Bxg4 39. Bd3 Nf4 40. Bf1 Be2 41. Bxe2 Nxe2+ 0-1

[Event "GRE-chT 44th"]
[Site "Achaia"]
[Date "2016.07.05"]
[Round "1.7"]
[White "Kalesis, Nikolaos"]
[Black "Istratescu, Andrei"]
[Result "1/2-1/2"]
[WhiteElo "2464"]
[BlackElo "2581"]
[PlyCount "61"]
[EventDate "2016.07.05"]
[EventType "team-swiss"]
[EventRounds "7"]
[EventCountry "GRE"]
[SourceTitle "CBM 173 Extra"]
[Source "ChessBase"]
[SourceDate "2016.08.29"]
[SourceVersion "1"]
[SourceVersionDate "2016.08.29"]
[SourceQuality "1"]
[WhiteTeam "Panionios GS"]
[BlackTeam "Kalamata Poseidon"]
[WhiteTeamCountry "GRE"]
[BlackTeamCountry "GRE"]

1. d4 d5 2. c4 dxc4 3. e3 e5 4. Bxc4 exd4 5. Nf3 Bb4+ 6. Bd2 Bxd2+ 7. Qxd2 Nc6 8. exd4 Qe7+ 9. Qe3 Nb4 10. Na3 Nf6 11. 0-0 Nfd5 12. Qb3 Be6 13. Nb5 c6 14. Nc3 0-0 15. Rfe1 Rfe8 16. Nxd5 cxd5 17. Bb5 Rec8 18. Rac1 a6 19. Bf1 Nc6 20. Qb6 Qc7 21. Qxc7 Rxc7 22. Rc5 h6 23. Ne5 Rcc8 24. Nxc6 Rxc6 25. Rxc6 bxc6 26. Rc1 Bd7 27. f3 Rb8 28. Rc2 a5 29. Kf2 Kf8 30. Ke3 Ke7 31. Bd3 1/2-1/2

[Event "GRE-chT 43rd"]
[Site "Porto Rio"]
[Date "2015.10.10"]
[Round "5.3"]
[White "Kalesis, Nikolaos"]
[Black "Mastrovasilis, Dimitrios"]
[Result "0-1"]
[WhiteElo "2475"]
[BlackElo "2608"]
[PlyCount "68"]
[EventDate "2015.10.08"]
[EventType "team-swiss"]
[EventRounds "7"]
[EventCountry "GRE"]
[SourceTitle "CBM 168 Extra"]
[Source "ChessBase"]
[SourceDate "2015.10.29"]
[SourceVersion "1"]
[SourceVersionDate "2015.10.29"]
[SourceQuality "1"]
[WhiteTeam "Chania ADA"]
[BlackTeam "Thessaloniki"]
[WhiteTeamCountry "GRE"]
[BlackTeamCountry "GRE"]

1. d4 d5 2. c4 e6 3. Nc3 Nf6 4. cxd5 exd5 5. Bg5 c6 6. e3 Be7 7. Bd3 Nbd7 8. Qc2 h6 9. Bh4 Nh5 10. Bxe7 Qxe7 11. 0-0-0 Nb6 12. Nf3 Nf6 13. Kb1 Be6 14. h3 0-0-0 15. Ne5 Nfd7 16. Nf3 Kb8 17. Rc1 g5 18. Nd2 h5 19. Nb3 h4 20. a3 Rc8 21. Na2 f6 22. Nb4 Bg8 23. Ka2 Bh7 24. Rhe1 Bxd3 25. Nxd3 Rhe8 26. Na5 Rc7 27. Qb3 Rec8 28. Rc3 c5 29. dxc5 Nxc5 30. Nxc5 Rxc5 31. Qb4 Nc4 32. Nxc4 dxc4 33. Rd1 Qe6 34. Rd4 Qc6 0-1

[Event "GRE-chT 43rd"]
[Site "Porto Rio"]
[Date "2015.10.08"]
[Round "1.5"]
[White "Dorfanis, Ilarion"]
[Black "Kalesis, Nikolaos"]
[Result "0-1"]
[WhiteElo "2153"]
[BlackElo "2475"]
[PlyCount "80"]
[EventDate "2015.10.08"]
[EventType "team-swiss"]
[EventRounds "7"]
[EventCountry "GRE"]
[SourceTitle "CBM 168 Extra"]
[Source "ChessBase"]
[SourceDate "2015.10.29"]
[SourceVersion "1"]
[SourceVersionDate "2015.10.29"]
[SourceQuality "1"]
[WhiteTeam "Kavalas OFS"]
[BlackTeam "Chania ADA"]
[WhiteTeamCountry "GRE"]
[BlackTeamCountry "GRE"]

1. e4 c5 2. Nf3 d6 3. d4 cxd4 4. Nxd4 Nf6 5. Nc3 e6 6. g3 Nc6 7. Bg2 Qc7 8. 0-0 Be7 9. Nxc6 bxc6 10. e5 dxe5 11. Nb5 cxb5 12. Bxa8 0-0 13. Bg2 Nd5 14. a3 Bb7 15. Qe2 a6 16. Re1 Bd6 17. c3 f5 18. a4 Qb6 19. axb5 axb5 20. Be3 Nxe3 21. Bxb7 Ng4 22. Ra6 Qxb7 23. Rxd6 e4 24. Red1 Ne5 25. Rd8 Nf3+ 26. Kg2 Ne5 27. Qe3 Rxd8 28. Rxd8+ Kf7 29. h3 h6 30. b3 Ke7 31. Rd1 Kf7 32. Ra1 Kg6 33. Qa7 Qc6 34. Ra6 Qxc3 35. Rxe6+ Kh7 36. Qe3 Nd3 37. h4 Qxb3 38. Re7 Qd1 39. Rxe4 Nxf2 40. Qxf2 Qd5 0-1

[Event "GRE-chT 43rd"]
[Site "Porto Rio"]
[Date "2015.10.08"]
[Round "2.5"]
[White "Kalesis, Nikolaos"]
[Black "Lekic, Dusan"]
[Result "1/2-1/2"]
[WhiteElo "2475"]
[BlackElo "2354"]
[PlyCount "35"]
[EventDate "2015.10.08"]
[EventType "team-swiss"]
[EventRounds "7"]
[EventCountry "GRE"]
[SourceTitle "CBM 168 Extra"]
[Source "ChessBase"]
[SourceDate "2015.10.29"]
[SourceVersion "1"]
[SourceVersionDate "2015.10.29"]
[SourceQuality "1"]
[WhiteTeam "Chania ADA"]
[BlackTeam "Aigaleo"]
[WhiteTeamCountry "GRE"]
[BlackTeamCountry "GRE"]

1. d4 Nf6 2. c4 e6 3. Nc3 Bb4 4. Qc2 0-0 5. a3 Bxc3+ 6. Qxc3 d5 7. Bg5 c5 8. e3 cxd4 9. Qxd4 Nc6 10. Qc3 d4 11. exd4 Qxd4 12. Ne2 Qe4 13. Bxf6 gxf6 14. Qxf6 Ne5 15. Qg5+ Kh8 16. Qf6+ Kg8 17. Qg5+ Kh8 18. Qf6+ 1/2-1/2

[Event "GRE-chT 42nd"]
[Site "Porto Rio"]
[Date "2014.07.03"]
[Round "7.1"]
[White "Kalesis, Nikolaos"]
[Black "Skalkotas, Nikolaos"]
[Result "1-0"]
[WhiteElo "2460"]
[BlackElo "2177"]
[PlyCount "59"]
[EventDate "2014.06.28"]
[EventType "team-swiss"]
[EventRounds "7"]
[EventCountry "GRE"]
[SourceTitle "CBM 161 Extra"]
[Source "ChessBase"]
[SourceDate "2014.08.29"]
[SourceVersion "1"]
[SourceVersionDate "2014.08.29"]
[SourceQuality "1"]
[WhiteTeam "AEK"]
[BlackTeam "Pan GA"]
[WhiteTeamCountry "GRE"]
[BlackTeamCountry "GRE"]

1. d4 e6 2. c4 Bb4+ 3. Nd2 d5 4. e3 Nf6 5. a3 Be7 6. Ngf3 0-0 7. Bd3 c5 8. b3 cxd4 9. exd4 b6 10. 0-0 Bb7 11. Qe2 Nc6 12. Bb2 Rc8 13. Rad1 Rc7 14. Rfe1 Qa8 15. Bb1 Rd8 16. Qd3 Rcd7 17. c5 bxc5 18. dxc5 Bxc5 19. Ng5 e5 20. Qf5 h6 21. Nh7 Ne8 22. Bxe5 Nxe5 23. Rxe5 Bc8 24. Rxe8+ Rxe8 25. Nf6+ gxf6 26. Qh7+ Kf8 27. Qh8+ Ke7 28. Re1+ Kd8 29. Rxe8+ Kc7 30. Bf5 1-0

[Event "GRE-chT 42nd"]
[Site "Porto Rio"]
[Date "2014.06.29"]
[Round "3.1"]
[White "Kalesis, Nikolaos"]
[Black "Indjic, Aleksandar"]
[Result "0-1"]
[WhiteElo "2460"]
[BlackElo "2542"]
[PlyCount "118"]
[EventDate "2014.06.28"]
[EventType "team-swiss"]
[EventRounds "7"]
[EventCountry "GRE"]
[SourceTitle "CBM 161 Extra"]
[Source "ChessBase"]
[SourceDate "2014.08.29"]
[SourceVersion "1"]
[SourceVersionDate "2014.08.29"]
[SourceQuality "1"]
[WhiteTeam "AEK"]
[BlackTeam "Mapou Thunder"]
[WhiteTeamCountry "GRE"]
[BlackTeamCountry "GRE"]

1. d4 Nf6 2. c4 g6 3. Nc3 Bg7 4. e4 d6 5. Nf3 0-0 6. Be2 c5 7. d5 e6 8. 0-0 Re8 9. h3 Na6 10. dxe6 Bxe6 11. Bf4 Qb6 12. Rb1 Rad8 13. Re1 Nb4 14. Bf1 Nc6 15. Qd2 Ne5 16. Bxe5 dxe5 17. Nd5 Bxd5 18. cxd5 Bf8 19. Qc2 a6 20. Nd2 Nd7 21. a4 Qb4 22. Ra1 b5 23. axb5 axb5 24. Nb3 Ra8 25. Qc3 c4 26. Na5 Qxc3 27. bxc3 Nc5 28. Reb1 Nxe4 29. Rxb5 Rec8 30. Rbb1 Bc5 31. Nxc4 Bxf2+ 32. Kh2 Nxc3 33. Rxa8 Rxa8 34. Rb2 Bd4 35. d6 Rd8 36. Rb7 e4 37. d7 Na4 38. Rc7 Kg7 39. g3 Nc5 40. Nd6 Nxd7 41. Nxe4 Ne5 42. Ng5 Rd6 43. Bg2 Bb6 44. Rb7 Bd8 45. Ne4 Rd1 46. Rb2 Bc7 47. Nf2 Rc1 48. Be4 h5 49. h4 Re1 50. Kg2 Nc4 51. Rb7 Bd6 52. Bd3 Ne5 53. Bb1 Bc5 54. Ne4 Rg1+ 55. Kh3 Be3 56. Ba2 Ra1 57. Bb3 Rh1+ 58. Kg2 Rb1 59. Nd6 Rb2+ 0-1

[Event "GRE-chT 42nd"]
[Site "Porto Rio"]
[Date "2014.06.29"]
[Round "2.1"]
[White "Postny, Evgeny"]
[Black "Kalesis, Nikolaos"]
[Result "1-0"]
[WhiteElo "2641"]
[BlackElo "2460"]
[PlyCount "53"]
[EventDate "2014.06.28"]
[EventType "team-swiss"]
[EventRounds "7"]
[EventCountry "GRE"]
[SourceTitle "CBM 161 Extra"]
[Source "ChessBase"]
[SourceDate "2014.08.29"]
[SourceVersion "1"]
[SourceVersionDate "2014.08.29"]
[SourceQuality "1"]
[WhiteTeam "Irakleiou CN"]
[BlackTeam "AEK"]
[WhiteTeamCountry "GRE"]
[BlackTeamCountry "GRE"]

1. d4 Nf6 2. c4 e6 3. Nf3 d5 4. g3 Be7 5. Bg2 0-0 6. 0-0 b6 7. cxd5 exd5 8. Nc3 Bb7 9. Bf4 a6 10. Qb3 Nc6 11. Rad1 Na5 12. Qc2 Nh5 13. Bc1 g6 14. Ne5 f6 15. Nd3 f5 16. Ne5 Nf6 17. a3 b5 18. b3 Bd6 19. Bh6 Re8 20. Bg5 c6 21. g4 Bxe5 22. dxe5 Rxe5 23. f4 Re8 24. gxf5 gxf5 25. Qxf5 Rf8 26. Kh1 Nxb3 27. Ne4 1-0

[Event "GRE-chT 41st"]
[Site "Achaia"]
[Date "2013.07.03"]
[Round "3.1"]
[White "Kalesis, Nikolaos"]
[Black "Lubbe, Nikolas"]
[Result "1/2-1/2"]
[WhiteElo "2475"]
[BlackElo "2451"]
[PlyCount "114"]
[EventDate "2013.07.02"]
[EventType "team-swiss"]
[EventRounds "7"]
[EventCountry "GRE"]
[SourceTitle "CBM 155 Extra"]
[Source "ChessBase"]
[SourceDate "2013.08.26"]
[SourceVersion "1"]
[SourceVersionDate "2013.08.26"]
[SourceQuality "1"]
[WhiteTeam "AEK"]
[BlackTeam "Patron CN"]
[WhiteTeamCountry "GRE"]
[BlackTeamCountry "GRE"]

1. d4 Nf6 2. c4 e6 3. Nc3 Bb4 4. Qc2 Nc6 5. Nf3 0-0 6. a3 Bxc3+ 7. Qxc3 d6 8. g3 e5 9. dxe5 dxe5 10. Be3 Qe7 11. b4 Rd8 12. Bg2 Bg4 13. 0-0 Bxf3 14. exf3 a5 15. f4 axb4 16. axb4 Rxa1 17. Rxa1 Qxb4 18. Qxb4 Nxb4 19. fxe5 Nc2 20. Rb1 Nxe3 21. exf6 Nxc4 22. Rxb7 Rd1+ 23. Bf1 gxf6 24. Kg2 Nd2 25. Bd3 Rc1 26. Rb2 Nc4 27. Bxc4 Rxc4 28. Kf3 Kg7 29. g4 f5 30. gxf5 Kf6 31. Rb5 h5 32. Kg3 Kg5 33. h4+ Kf6 34. f3 Rc1 35. Ra5 c5 36. Ra7 Rd1 37. Ra6+ Ke5 38. Rc6 Rd5 39. f6 Kf5 40. Kf2 Rd2+ 41. Ke3 Rc2 42. Kd3 Rc1 43. Kd2 Rc4 44. Kd3 Rxh4 45. Rxc5+ Kxf6 46. Ke3 Kg6 47. Kf2 Ra4 48. Kg3 f6 49. f4 Ra3+ 50. Kh4 Ra1 51. Kg3 Rg1+ 52. Kf2 Rg4 53. Kf3 Rg1 54. Kf2 Rb1 55. Kg3 Rb3+ 56. Kh4 Rf3 57. Rxh5 Rxf4+ 1/2-1/2

[Event "GRE-chT 40th"]
[Site "Achaia"]
[Date "2012.07.01"]
[Round "2.13"]
[White "Theofilopoulos, Aristotelis"]
[Black "Kalesis, Nikolaos"]
[Result "0-1"]
[WhiteElo "2188"]
[BlackElo "2473"]
[PlyCount "80"]
[EventDate "2012.06.30"]
[EventType "team-swiss"]
[EventRounds "7"]
[EventCountry "GRE"]
[SourceTitle "CBM 149 Extra"]
[Source "ChessBase"]
[SourceDate "2012.08.24"]
[SourceVersion "1"]
[SourceVersionDate "2012.08.24"]
[SourceQuality "1"]
[WhiteTeam "Polichnis"]
[BlackTeam "AEK"]
[WhiteTeamCountry "GRE"]
[BlackTeamCountry "GRE"]

1. d4 Nf6 2. Nf3 e6 3. e3 c5 4. c3 Be7 5. Bd3 d5 6. Nbd2 0-0 7. 0-0 cxd4 8. exd4 Nc6 9. Re1 Rb8 10. Qe2 a6 11. a4 Qc7 12. Nf1 Na5 13. Ne5 Nb3 14. Ra2 Nxc1 15. Rxc1 Nd7 16. f4 Nxe5 17. fxe5 f5 18. exf6 Bxf6 19. Re1 Bd7 20. Nd2 e5 21. dxe5 Rbe8 22. Nf3 Bg4 23. Qc2 Bxf3 24. Bxh7+ Kh8 25. gxf3 Bxe5 26. Rf1 Rf6 27. Bf5 d4 28. Raa1 dxc3 29. bxc3 Bxc3 30. Rac1 Re3 31. Bg4 Qe5 32. Rf2 Rc6 33. Qb1 Bd4 34. Kf1 Rb3 35. Qxb3 Rxc1+ 36. Kg2 Bxf2 37. Qf7 Bc5 38. Bf5 Qe2+ 39. Kh3 Qxf3+ 40. Kh4 Bf2+ 0-1

[Event "GRE-chT 39th"]
[Site "Eretria"]
[Date "2011.07.08"]
[Round "7.5"]
[White "Kalesis, Nikolaos"]
[Black "Postny, Evgeny"]
[Result "0-1"]
[WhiteElo "2480"]
[BlackElo "2618"]
[PlyCount "78"]
[EventDate "2011.07.03"]
[EventType "team-swiss"]
[EventRounds "7"]
[EventCountry "GRE"]
[SourceTitle "CBM 143 Extra"]
[Source "ChessBase"]
[SourceDate "2011.08.29"]
[SourceVersion "1"]
[SourceVersionDate "2011.08.29"]
[SourceQuality "1"]
[WhiteTeam "AEK"]
[BlackTeam "Heraklion CC"]
[WhiteTeamCountry "GRE"]
[BlackTeamCountry "GRE"]

1. d4 Nf6 2. c4 e6 3. Nc3 Bb4 4. Qc2 0-0 5. a3 Bxc3+ 6. Qxc3 b6 7. Bg5 c5 8. dxc5 bxc5 9. e3 d6 10. f3 Nbd7 11. Nh3 a5 12. Be2 Ra6 13. 0-0 Qc7 14. Bh4 Bb7 15. Nf2 Rb8 16. Nd1 Bc6 17. Qc1 Rab6 18. Be1 Rb3 19. Nc3 Rxb2 20. Nb5 Bxb5 21. Qxb2 Bxc4 22. Qd2 Bxe2 23. Qxe2 c4 24. e4 Rb3 25. a4 Ne5 26. Bf2 Nd3 27. Rfb1 Qb7 28. Qc2 Nxf2 29. Kxf2 Nd7 30. Rxb3 cxb3 31. Qc3 Qb6+ 32. Ke2 Nc5 33. e5 h6 34. exd6 Qa6+ 35. Ke3 Qxd6 36. Qd4 Qb6 37. Ke2 e5 38. Qxe5 b2 39. Rb1 Qa6+ 0-1

[Event "GRE-chT 39th"]
[Site "Eretria"]
[Date "2011.07.06"]
[Round "5.4"]
[White "Mladenov, Plamen"]
[Black "Kalesis, Nikolaos"]
[Result "1/2-1/2"]
[WhiteElo "2391"]
[BlackElo "2480"]
[PlyCount "61"]
[EventDate "2011.07.03"]
[EventType "team-swiss"]
[EventRounds "7"]
[EventCountry "GRE"]
[SourceTitle "CBM 143 Extra"]
[Source "ChessBase"]
[SourceDate "2011.08.29"]
[SourceVersion "1"]
[SourceVersionDate "2011.08.29"]
[SourceQuality "1"]
[WhiteTeam "Thessaloniki Galaxias"]
[BlackTeam "AEK"]
[WhiteTeamCountry "GRE"]
[BlackTeamCountry "GRE"]

1. d4 Nf6 2. Nf3 e6 3. e3 c5 4. Bd3 b6 5. 0-0 Bb7 6. b3 Be7 7. Bb2 Nc6 8. Nbd2 Qc7 9. a3 0-0 10. Qe2 cxd4 11. exd4 Rac8 12. Rac1 Rfe8 13. Rfe1 Qb8 14. Ne5 d6 15. Nxc6 Bxc6 16. Ne4 Bxe4 17. Bxe4 Nxe4 18. Qxe4 Qa8 19. Qxa8 Rxa8 20. c4 Bf6 21. Kf1 Rec8 22. Ke2 d5 23. cxd5 exd5 24. Kd3 h5 25. Rxc8+ Rxc8 26. Rc1 Rxc1 27. Bxc1 Kh7 28. Bf4 Kg6 29. Bb8 a6 30. Be5 Be7 31. a4 1/2-1/2

[Event "Peiraias op"]
[Site "Peiraias"]
[Date "2007.09.05"]
[Round "5"]
[White "Kalesis, Nikolaos"]
[Black "Spirou, Panagiotis"]
[Result "1-0"]
[WhiteElo "2459"]
[BlackElo "2089"]
[PlyCount "59"]
[EventDate "2007.09.01"]
[EventType "swiss"]
[EventRounds "7"]
[EventCountry "GRE"]
[SourceTitle "CBM 120 Extra"]
[Source "ChessBase"]
[SourceDate "2007.11.01"]
[SourceVersion "1"]
[SourceVersionDate "2007.11.01"]
[SourceQuality "1"]

1. d4 d5 2. c4 c6 3. cxd5 cxd5 4. Nf3 Nf6 5. Nc3 Nc6 6. Bf4 a6 7. e3 Bg4 8. Bd3 e6 9. 0-0 Be7 10. h3 Bh5 11. Rc1 0-0 12. Na4 Nd7 13. Qb3 Ra7 14. a3 Bg6 15. Qc2 Bxd3 16. Qxd3 h6 17. b4 Nb6 18. Nb2 Bd6 19. Bxd6 Qxd6 20. Rc3 Nd7 21. Rfc1 Rc8 22. Qc2 Raa8 23. Nd3 Re8 24. Nc5 Nxc5 25. Rxc5 Rec8 26. Ne5 Ne7 27. Rxc8+ Rxc8 28. Qxc8+ Nxc8 29. Rxc8+ Kh7 30. Rh8+ 1-0

[Event "Peiraias op"]
[Site "Peiraias"]
[Date "2007.09.02"]
[Round "2"]
[White "Savoglou, Nikolaos"]
[Black "Kalesis, Nikolaos"]
[Result "1-0"]
[WhiteElo "1934"]
[BlackElo "2459"]
[PlyCount "103"]
[EventDate "2007.09.01"]
[EventType "swiss"]
[EventRounds "7"]
[EventCountry "GRE"]
[SourceTitle "CBM 120 Extra"]
[Source "ChessBase"]
[SourceDate "2007.11.01"]
[SourceVersion "1"]
[SourceVersionDate "2007.11.01"]
[SourceQuality "1"]

1. d4 Nf6 2. c4 e6 3. Nc3 Bb4 4. Nf3 c5 5. g3 Ne4 6. Qd3 Qa5 7. Qxe4 Bxc3+ 8. Bd2 Bxd2+ 9. Nxd2 Nc6 10. dxc5 b6 11. Bg2 Bb7 12. Qf4 Qxc5 13. a3 0-0 14. b4 Qe7 15. 0-0 f5 16. Nb3 Nd8 17. Rfd1 Rc8 18. Qd6 Rf7 19. Qxe7 Rxe7 20. Rac1 Bxg2 21. Kxg2 Nb7 22. c5 bxc5 23. Nxc5 d5 24. Nxb7 Rxc1 25. Rxc1 Rxb7 26. Rc5 Kf7 27. Kf3 Rd7 28. Ke3 e5 29. f4 d4+ 30. Kd2 exf4 31. Rxf5+ Ke6 32. Rxf4 Rd6 33. a4 a5 34. b5 Kd5 35. Kd3 Kc5 36. h4 h5 37. g4 hxg4 38. Rxg4 Rd7 39. h5 Rd5 40. Rxg7 Rxh5 41. Rc7+ Kd5 42. Rd7+ Ke5 43. Rxd4 Rh1 44. e3 Rc1 45. Rc4 Ra1 46. e4 Ra3+ 47. Kc2 Rh3 48. b6 Rh7 49. Rc5+ Kxe4 50. Rxa5 Rb7 51. Rb5 Kd4 52. Kb3 1-0

[Event "Peiraias op"]
[Site "Peiraias"]
[Date "2007.09.01"]
[Round "1"]
[White "Kalesis, Nikolaos"]
[Black "Barbagiannis, Panayotis"]
[Result "1-0"]
[WhiteElo "2459"]
[BlackElo "1944"]
[PlyCount "55"]
[EventDate "2007.09.01"]
[EventType "swiss"]
[EventRounds "7"]
[EventCountry "GRE"]
[SourceTitle "CBM 120 Extra"]
[Source "ChessBase"]
[SourceDate "2007.11.01"]
[SourceVersion "1"]
[SourceVersionDate "2007.11.01"]
[SourceQuality "1"]

1. d4 Nf6 2. c4 g6 3. Nc3 Bg7 4. e4 d6 5. Nf3 0-0 6. Be2 e5 7. Be3 Nc6 8. d5 Ne7 9. Nd2 b6 10. b4 a5 11. a3 Qd7 12. 0-0 Ng4 13. Bxg4 Qxg4 14. Qxg4 Bxg4 15. c5 b5 16. f3 Bc8 17. Nxb5 Nxd5 18. exd5 e4 19. Rab1 exf3 20. Nxf3 axb4 21. Rxb4 Ra5 22. c6 Re8 23. Nxc7 Rxe3 24. Rb8 h6 25. Rxc8+ Kh7 26. Nd2 Bd4 27. Rxf7+ Bg7 28. Ne6 1-0